000 00459nam a2200181Ia 4500
001 18127
005 20260306171607.0
008 260306s9999||||xx |||||||||||||| ||und||
041 _aESP
082 _a658.4012
_bD86
100 _aDoerr, John
_eAUT
245 0 _aMeasure what matters:
_bOKRs: the simple idea that drives 10x growth
260 _c2018
300 _a306 páginas :
_c23 cm.
650 _aGEN
654 _aCAN
942 _cLIB
_dJUS
_fJUS
_2ddc
_n
999 _c18127
_d18127